ბათუმის შოთა რუსთაველის სახელმწიფო უნივერსიტეტის ბიბლიოთეკა

Курс математики. Алгебра и анализ. (ბიბ.ჩანაწერი № 38995)

000 -LEADER
fixed length control field 00572nam a2200193Ia 4500
001 - CONTROL NUMBER
control field 5468
003 - CONTROL NUMBER IDENTIFIER
control field GE_BSU
008 - FIXED-LENGTH DATA ELEMENTS--GENERAL INFORMATION
fixed length control field 181216s||||||||xx |||||||||||||| ||und||
040 ## - CATALOGING SOURCE
Transcribing agency GE_BSU
080 ## - UNIVERSAL DECIMAL CLASSIFICATION NUMBER
Universal Decimal Classification number 512
100 ## - MAIN ENTRY--PERSONAL NAME
Personal name Пизо Ш. Заманский М.
245 ## - TITLE STATEMENT
Title Курс математики. Алгебра и анализ.
245 ## - TITLE STATEMENT
Statement of responsibility, etc. Пер.д с французского Е. И. Стечкиной.
260 ## - PUBLICATION, DISTRIBUTION, ETC.
Place of publication, distribution, etc. Москва
260 ## - PUBLICATION, DISTRIBUTION, ETC.
Date of publication, distribution, etc. 1971
300 ## - PHYSICAL DESCRIPTION
Extent 656 с.
653 ## - INDEX TERM--UNCONTROLLED
Uncontrolled term Курс математики. Алгебра и анализ.
942 ## - ADDED ENTRY ELEMENTS (KOHA)
Koha item type წიგნი

არაა ხელმისაწვდომი ეგზემპლარები.